000 00937nam a2200253 b 4500
001 00000000275005
003 OSt
005 20171130165549.0
008 080205s2000 mex spa
020 _a968-444-342-0
040 _aBR-TO
_cBMC
082 _a658.15
100 1 _aGitman, Lawrence J.
245 1 0 _aPrincipios de administración financiera
_cLawrence J. Gitman ; traducción, Miguel Angel Sánchez Carrión ; revisión técnica, Javier Cervantes González
250 _a8ª ed
260 _aNaucalpan de Juárez (México) [etc.]
_bPearson Educación
_c2000
300 _aXXXII, 593, [67] p.
_bil., gráf.
_c26 cm
_e+ 1 disco compacto
500 _aIncluye índices
594 _1Traducido de: Principles of managerial finance, 8th ed.
650 2 4 _aEmpresas
_xFinanzas
_95713
700 1 _98515
_aCervantes González, Javier
700 1 _96141
_aSánchez Carrión, Miguel Ángel
942 _2ddc
_cBK
_hprozim
999 _c3713
_d3713